• 首页
  • 本馆介绍
  • 公告通知
  • 最新文献
  • 馆藏检索
  • 电子资源
  • 读者导购
  • 参考咨询
  • 我的图书馆
  • 登录
  • 详细信息显示
  • 放入我的书架
  • 预约/预借图书
  • 作者相关作品
  • 分类相关作品
  • 丛书相关作品
  • 出版社相关作品

书目信息

  • 表格格式
  • 工作单格式
  • 卡片格式
题名:
仁爱者谈
    
 
作者: ;新亚洲文化基金会编辑委员会 编著
分册:  
出版信息: 北京   社会科学文献出版社  1998
页数: 193页
开本: 32开
丛书名: 东方文化经典系列
单 册:
中图分类: B222.24
科图分类:
主题词: 先秦哲学
电子资源:
ISBN: 7-80149-009-6
000 00684nam0 2200217 45
001 0109231540
005 20031219104057.6
010    @a7-80149-009-6@dCNY11.80
100    @a20010923d1998 km y0chiy0120 ea
101 0  @achi
105    @aa z 000yy
200 1  @a仁爱者谈@ARen Ai Zhe Tan@f新亚洲文化基金会编辑委员会编著@FXin Ya Zhou Wen Hua Ji Jin Hui Bian Ji Wei Yuan Hui Bian Zhu
210    @a北京@c社会科学文献出版社@d1998
215    @a193页@d32开
225    @a东方文化经典系列
410    @12001 @a东方文化经典系列
606 0  @a先秦哲学
690    @aB222.24@v4
711 02 @a新亚洲文化基金会编辑委员会@4编著
801    @aCN@bTSTC@c20010925
905    @b314798-802@dB222.24@e181@f5
    
    仁爱者谈/新亚洲文化基金会编辑委员会编著.-北京:社会科学文献出版社,1998
    193页;32开.-(东方文化经典系列)
    
    
    ISBN 7-80149-009-6:CNY11.80
    
●
相关链接 在E读中查询图书 在五车中查询图书 在当当中查询图书 在豆瓣中查询图书


正题名:仁爱者谈     索取号:B222.24/181         预约/预借

序号 登录号 条形码 馆藏地/架位号 状态 备注
1 0314798   203147987   密集书库/ [索取号:B222.24/181] 在馆    
2 0314799   203147996   第一借阅区/ [索取号:B222.24/181] 在馆    
3 0314800   203148003   密集书库/ [索取号:B222.24/181] 在馆    
4 0314801   203148012   第一借阅区/ [索取号:B222.24/181] 在馆    
5 0314802   203148021   第一样本阅览室/ [索取号:B222.24/181] 在馆    
唐山师范学院图书馆 欢迎您!
大连网信软件有限公司© 版权所有